Normal view
MARC view
- Jóvenes
Entry Materia
001 - NÚMERO DE CONTROL DEL REGISTRO
- campo de control: 23818
003 - IDENTIFICADOR DE NUMERO DE CONTROL
- campo de control: UPN
005 - FECHA Y HORA DE LA ÚLTIMA TRANSACCIÓN
- campo de control: 20251205124517.0
008 - DATOS DE LONGITUD FIJA
- campo de control de longitud fija: 220927n||acnnnbabn | ana |d
035 ## - NÚMERO DE CONTROL DEL SISTEMA
- Número de control del sistema: UPN10000023827
040 ## - FUENTE DE LA CATALOGACIÓN
- Centro catalogador de origen: UPN
- Lengua de catalogación: spa
- Agencia de transcripción: UPN
046 ## - FECHAS CON CODIFICACIÓN ESPECIAL
- Fecha final para contenidos agregados: 2022
150 ## - ENCABEZAMIENTO - TEMÁTICO
- Término de materia o nombre geográfico como elemento inicial: Jóvenes
- Subdivisión de materia general: Educación
670 ## - FUENTE EN LA QUE SE LOCALIZARON DATOS
- Cita de la fuente: DGB UNAM, 27 septiembre 2022:
- Información localizada: encabezamiento (Jóvenes--Educación)
902 ## - CATALOGADOR
- Catalogador: MMA/120515
